Yeniden doğan kıpçak (Record no. 5029)

MARC details
000 -BAŞLIK
Sabit Uzunlukta Kontrol Alanı 00888na a2200289 4500
001 - KONTROL NUMARASI
Denetim Alanı 15483
003 - KONTROL NUMARASI IDENTIFIER
Denetim Alanı MIRAKIL
005 - SON İŞLEM TARİHİ VE ZAMANI
Denetim Alanı 20181213155025.0
008 - SABİT-BOY VERİ ELEMANLARI - GENEL BİLGİLER
Sabit Uzunlukta Kontrol Alanı 161018b tu 000 0
035 ## - SİSTEM KONTROL NUMARASI
Sistem Kontrol Numarası 15483
040 ## - KATALOGLAMA KAYNAK
Orijinal Kataloglama Ajansı Milas
Kataloglama Dili tur
Metne Dönüştürmek Ajansı TR-AnCHP
041 ## - DİL KODU
Metin / Ses Parça Veya Ayrı Başlığın Dil Kodu tur
082 ## - DEWEY ONLU SINIFLANDIRMA NUMARASI
Sınıflandırma Numarası 410.92
Ürün Numarası M36y 2004
090 ## - SINIFLAMA NUMARASI
Sınıflama Numarası 410.92 M36y 2004
100 ## - ANA GİRİŞ - KİŞİSEL İSİM
Kişisel Ad Mert, Hamdi
245 ## - BAŞLIK TABLOSU
Başlık Yeniden doğan kıpçak
Başlığın Kalan İstvan Mandoky Kongur
Sorumluluk Tablosu, Vb Hamdi Mert
246 ## - UNVAN FORM VARYING
Başlık Doğru / Kısa Başlığı İstvan Mandoky Kongur
260 ## - YAYIN, DAĞITIM, VB
Yayın, Dağıtım, Vb Yeri Ankara
Yayıncı, Dağıtıcı, Vs Adı Yeni Avrasya Yayınları
Yayın, Dağıtım, Vb Tarihi 2004
300 ## - FİZİKSEL TANIM
Kapsam 247 s.
Diğer Fiziksel Ayrıntıları res.
Boyutlar 24 sm.
440 ## - SERİSİ TABLOSU / KATMA GİRİŞİ - BAŞLIK
Başlık Yeni Avrasya Yayınları
Hacim / Ardışık Tanımı 33
490 ## - SERİSİ TABLOSU
Seri Beyanı Araştırma - İnceleme
Hacim / Ardışık Tanımı 26
504 ## - KAYNAKÇA VB NOT
Kaynakça Vb Notu Kaynakça ve dizin var.
600 ## - KONU KATMA GİRİŞ - KURUMSAL ADI
Kişisel Ad Kongur, İstvan Mandoky
Bir Adıyla İlişkilendirilen Tarihler 1944-1992
Genel Alt Bölümü Yaşamöyküsü
650 ## - KONU KATMA GİRİŞ - TOPİKAL DÖNEM
Topikal Süreli Veya Coğrafi Ad Giriş Elemanı Yaşamöyküsü
Genel Alt Bölümü Türkiye
Kronolojik Alt Bölümü Türkologlar
650 ## - KONU KATMA GİRİŞ - TOPİKAL DÖNEM
Topikal Süreli Veya Coğrafi Ad Giriş Elemanı Türkologlar
Genel Alt Bölümü Macar
Kronolojik Alt Bölümü Yaşamöyküsü
942 ## - EKLENDİ GİRİŞ ELEMANLARI (KOHA)
Sınıflandırma Veya Raf Düzeni Kaynak Dewey Decimal Classification
Koha Öğesi Türü Books
999 ## - SİSTEM KONTROL NUMARALARI (KOHA)
Koha Biblionumber 5029
Koha Biblioitemnumber 5029
Holdings
Kalıcı Konum Mevcut Konum Edinme Tarihi Edinim Kaynak Toplam Check-Out'Lar Tam Çağrı Numarası Barkod Tarih Son Görülme İtibaren Geçerli Fiyatlar Koha Öğesi Türü
CHP Kütüphanesi CHP Kütüphanesi 09/10/2016 Bağış   410.92 M36y 2004 003457 09/10/2016 09/10/2016 Books